Debris /

Shranjeno v:
Bibliografske podrobnosti
Glavni avtor: Miklos, David (autor)
Drugi avtorji: Huntington, Tanya (traducción) (traducción)
Format: Knjiga
Jezik:angleščina
Izdano: Houston, EUA : Literal Publishing, 2016, c2016
Teme:
Oznake: Označite
Brez oznak, prvi označite!

MARC

LEADER 00000nam^a2200000^a^4500
001 000410250
005 20250521000000.0
009 20260310122042.72
020 |a 978-1-942307-12-9 
037 |a Acervo ITESO - Biblioteca 
041 |a ING 
082 |a 863.  |b MIK 
100 |a Miklos, David  |e (autor) 
245 1 0 |a Debris /  |c D. Miklos ; tr. por T. Huntington. 
264 4 |a Houston, EUA :  |b Literal Publishing,  |c 2016, c2016 
300 |a 120 p. 
336 |a texto  |b txt  |2 rdacontenido 
337 |a sin mediación  |b n  |2 rdamedio 
338 |a volumen  |b nc  |2 rdasoporte 
521 |a FIL 2018 DIA 
649 |a XX 
650 |a Novela Mexicana 
650 |a Realismo Mágico -  |z México 
650 |a Literatura Mexicana -  |y Siglo XXI 
650 |a Literatura en Inglés -  |z México 
700 |a Huntington, Tanya  |e (traducción) 
910 |a Fondo General 
920 |a Impresos - Libros 
930 |a Colección General 
940 |a Literatura 
905 |a 101 
901 |a 0500311354  |b IT1  |c LIT  |i C164053  |u 20250521 
902 |a https://opac.biblio.iteso.mx/vufind/Record/000410250